| 000 | 00454nam a2200181Ia 4500 | ||
|---|---|---|---|
| 001 | 3646 | ||
| 005 | 20260306145658.0 | ||
| 008 | 260306t2008||||xx |||||||||||||| ||spa|| | ||
| 041 | _aESP | ||
| 082 |
_a301 _bG43A |
||
| 100 |
_aGibu Shimabukuro, Ricardo _eAUT |
||
| 245 | 0 |
_aUnidad y relacionalidad de la persona: _bla antropología de Romano Guardini |
|
| 260 | _c2008 | ||
| 300 |
_a _c |
||
| 650 | _aGEN | ||
| 654 | _aCHU | ||
| 942 |
_cLIB _dJUS _fJUS _2ddc _n |
||
| 999 |
_c3646 _d3646 |
||